Loco Por Ella - Andy Rivera, Lenny Tavárez - Estadísticas

Estadísticas generales
  • Esta prueba ha sido intentada 265 veces
  • La puntuación promedio es 196 de 325
Estadísticas de respuestas
Letra % Correcto
A
100%
a
100%
de
100%
Desde
100%
el
100%
Ella
100%
ella
100%
En
100%
es
100%
Es
100%
Está
100%
la
100%
La
100%
lo
100%
Loco
100%
ma'
100%
más
100%
me
100%
no
100%
No
100%
pa'
100%
Por
100%
por
100%
se
100%
100%
te
100%
tu
100%
y
100%
Y
100%
aloco
50%
baila
50%
Baila
50%
bebe
50%
claro
50%
decirle
50%
deja
50%
doblao'
50%
endereza
50%
escapa,
50%
eso
50%
Eso
50%
fuma
50%
goza
50%
hacer
50%
hasta
50%
importa
50%
interesa
50%
le
50%
Le
50%
loca
50%
los
50%
Mala
50%
mala
50%
medio
50%
menor,
50%
menor
50%
50%
nace
50%
nada
50%
Nadie
50%
Palo
50%
parece
50%
Parece
50%
partys
50%
pasado
50%
peligrosa
50%
pero
50%
poco
50%
que
50%
qué
50%
relaciones
50%
Tal
50%
teme
50%
tenerla
50%
Tiene
50%
tiene
50%
va
50%
venir
50%
ya
50%
Ya
50%
yo
50%
abajo
0%
amor
0%
arrebata
0%
baje
0%
cara
0%
coge
0%
como
0%
Cuando
0%
dar
0%
diabla
0%
disco
0%
enamorarnos,
0%
estresa
0%
habla
0%
independiente,
0%
mata
0%
Mira
0%
modales
0%
naturaleza
0%
ofrecí
0%
otro
0%
Pequeña
0%
pesa
0%
pierde
0%
Poquito
0%
poquito
0%
poquito,
0%
prende
0%
Rebelde
0%
relajo
0%
Sabe
0%
shorty
0%
Siéntese
0%
su
0%
tabla
0%
todos
0%
Toma
0%
trabajo
0%
tragos,
0%
traviesa
0%
unos
0%
vale
0%
vámonos
0%
vida
0%
No se encontraron pruebas coincidentes
Distribución de puntuación
Porcentaje de gente con cada puntuación
Porcentaje por número respondido
Historial de tus puntuaciones
No has intentado esta prueba.